000
00337nam a2200145Ia 4500
008
220923s9999 xx 000 0 und d
082
_b
GOU
100
_a
GOUR, K.D.
245
0
_a
CRIMINAL LAW CASES AND MATERIALS
250
_a
7TH
260
_b
LEXIS NEXIS, GURGAON
_c
2013
300
_a
910
650
_a
Criminal Law
942
_c
BK
999
_c
195107
_d
195107